Derecho patrimonial de los religiosos: cuestiones civiles
Gorde:
| Egile nagusia: | |
|---|---|
| Formatua: | Liburua |
| Hizkuntza: | gaztelania |
| Argitaratua: |
Pamplona
Universidad de Navarra
1974
|
| Gaiak: | |
| Etiketak: |
Etiketa erantsi
Etiketarik gabe, Izan zaitez lehena erregistro honi etiketa jartzen!
|
MARC
| LEADER | 00000nam a2200000 a 4500 | ||
|---|---|---|---|
| 001 | UCS2813 | ||
| 003 | CL-VaPUC | ||
| 008 | 970606e19740000SP |||||||||||||||||spa|d | ||
| 082 | 0 | 4 | |a 262.933 |b ALV |2 21 |
| 100 | 0 | |a Alvarez Caperochipi, José Antonio |e author |9 388656 | |
| 245 | 1 | 0 | |a Derecho patrimonial de los religiosos: cuestiones civiles |
| 300 | |a 243 p | ||
| 942 | |c BK | ||
| 945 | |d 19970606 00:00:00 |a lriquelm | ||
| 260 | |a Pamplona |b Universidad de Navarra |c 1974 | ||
| 650 | 7 | |a DERECHO CANONICO |2 CL-VaPUC |9 388657 | |
| 650 | 0 | |a Patrimonio |9 257770 | |
| 650 | 0 | |a Personas no religiosas |9 349308 | |
| 650 | 0 | |a Derecho español |9 255291 | |
| 650 | 0 | |a Derecho civil |9 255013 | |
| 650 | 0 | |a Derecho sucesorio |9 255015 | |
| 650 | 7 | |a LEGISLACION |2 CL-VaPUC |9 388658 | |
| 583 | |a last modification |c 19970606 00:00:00 |k Rodrigo Vera | ||
| 999 | |c 260744 |d 260742 | ||
| 952 | |0 0 |1 0 |4 0 |6 262_933000000000000_ALV_1974 |7 0 |8 A |9 287065 |a BIBDER |b BIBDER |d 2019-11-19 |i 1857878 |o 262.933 ALV 1974 |p 1857878 |r 2023-01-25 |w 2019-11-19 |y BK |k DER | ||